| 000 | 00478nam a22001577a 4500 | ||
|---|---|---|---|
| 005 | 20251108164831.0 | ||
| 008 | 250721s9999 xx 000 0 ara d | ||
| 082 | 1 | 4 | _a616.462/محم |
| 100 | 1 | _aقرني، محمد | |
| 245 | 1 | 0 |
_aمرض السكر : _bأسبابه و علاجه / |
| 264 | 1 |
_aالإسكندريه : _bالمركز العربي للنشر و التوزيع، _c[19-]. |
|
| 300 | _a88ص | ||
| 650 | 1 | 7 | _aمرض السكر |
| 942 |
_2ddc _cBK |
||
| 999 |
_c15472 _d15472 |
||